Las direcciones del porvenir / (Record no. 129108)

MARC details
000 -LEADER
campo de control de longitud fija 00871nam a2200265 i 4500
001 - NÚMERO DE CONTROL
campo de control 129108
003 - IDENTIFICADOR DE NÚMERO DE CONTROL
campo de control ES-MaACL
005 - FECHA Y HORA DE LA ÚLTIMA TRANSACCIÓN
campo de control 20250918063035.0
007 - CAMPO FIJO DE DESCRIPCIÓN FÍSICA--INFORMACIÓN GENERAL
campo de control de longitud fija t|
008 - DATOS DE LONGITUD FIJA--INFORMACIÓN GENERAL
campo de control de longitud fija 070605s1974 sp ||||1| spa d
080 ## - NÚMERO DE LA CLASIFICACIÓN DECIMAL UNIVERSAL
Número de la Clasificación Decimal Universal 21
080 ## - NÚMERO DE LA CLASIFICACIÓN DECIMAL UNIVERSAL
Número de la Clasificación Decimal Universal 130(04)
100 1# - ENTRADA PRINCIPAL--NOMBRE DE PERSONA
Nombre de persona Teilhard de Chardin, Pierre,
Fechas asociadas al nombre 1881-1955
9 (RLIN) 109521
245 14 - MENCIÓN DEL TÍTULO
Título Las direcciones del porvenir /
Mención de responsabilidad, etc. Pierre Teilhard de Chardin ; prólogo de N.M. Wildiers ; versión de Francisco Pérez Gutiérrez.
260 ## - PUBLICACIÓN, DISTRIBUCIÓN, ETC.
Lugar de publicación, distribución, etc. [Madrid :
Nombre del editor, distribuidor, etc. Taurus,
Fecha de publicación, distribución, etc. 1974]
300 ## - DESCRIPCIÓN FÍSICA
Extensión 189 p. ;
Dimensiones 21 cm.
490 1# - MENCIÓN DE SERIE
Mención de serie Ensayistas ;
Designación de volumen o secuencia 123
650 #4 - PUNTO DE ACCESO ADICIONAL DE MATERIA--TÉRMINO DE MATERIA
Término de materia o nombre geográfico como elemento de entrada Religión-
Subdivisión general Filosofía
9 (RLIN) 16799
650 #7 - PUNTO DE ACCESO ADICIONAL DE MATERIA--TÉRMINO DE MATERIA
Término de materia o nombre geográfico como elemento de entrada Antropología filosófica
Fuente del encabezamiento o término embne
9 (RLIN) 9891
700 1# - ENTRADA AGREGADA--NOMBRE PERSONAL
Nombre de persona Wildiers, N. M.
9 (RLIN) 116833
700 1# - ENTRADA AGREGADA--NOMBRE PERSONAL
Nombre de persona Pérez Gutiérrez, Francisco.
9 (RLIN) 90927
830 0# - PUNTO DE ACCESO ADICIONAL DE SERIE-TÍTULO UNIFORME
Título uniforme Ensayistas ;
Designación de volumen o secuencia 123
9 (RLIN) 177257
852 ## - LOCALIZACIÓN
Ubicación ES-MaACL
Número de control de estantería L-7145
Holdings
Estatus retirado Estado de pérdida Estado de daño No para préstamo Biblioteca de origen Biblioteca actual Ubicación en estantería Fecha de adquisición Fuente de adquisición Total de préstamos Signatura topográfica completa Código de barras Visto por última vez Precio de reemplazo Tipo de ítem Koha
        Biblioteca del Ateneo de Madrid Biblioteca del Ateneo de Madrid Depósito 2 17/01/2008     L-7145 1134449 23/02/2023 23/02/2023 Libro impreso